| 000 | 00361nam a2200157Ia 4500 | ||
|---|---|---|---|
| 008 | 210210b1939 xxu||||| |||| 00| 0 eng d | ||
| 041 | _aeng | ||
| 082 | _a822/1284 | ||
| 100 | _aYOUNG (P) | ||
| 245 | _aHimalayan holiday | ||
| 260 |
_aLondon _bNot Mentioned _c1939 |
||
| 650 | _aholiday | ||
| 650 | _aHimalayan | ||
| 690 | _aEnglish Prose | ||
| 906 | _a013466 | ||
| 999 |
_c132336 _d132336 |
||